000 00752nam a2200265Ia 4500
003 OSt
005 20220925222312.0
006 a|||||r|||| 00| 0
007 ta
008 220923b |||||||| |||| 00| 0 eng d
020 _a0333764099
_c1545.49
037 _b18278, 17/02/2005, SBD
_cGeneral Book
040 _aRTL
_cRTL
_beng
041 _2eng
_aeng
082 _aY7.3.N8, M9;P3
100 _aSOLOMOS John
_9138806
245 0 _aRace and racism in Britain
250 _a3
260 _aLondon
_bPalgrave Macmillan
_c2003
300 _axiv, 299p
_ccm.
500 _aBibliography: P 262-291
650 _aRace
942 _hY7.3.N8, M9;P3
_cGB
_2CC
999 _c576625
_d576625